ბათუმის შოთა რუსთაველის სახელმწიფო უნივერსიტეტის ბიბლიოთეკა

ბუღალტერული აღრიცხვა და აუდიტი. (ბიბ.ჩანაწერი № 36749)

000 -LEADER
fixed length control field 00874nam a2200229Ia 4500
001 - CONTROL NUMBER
control field 2686
003 - CONTROL NUMBER IDENTIFIER
control field GE_BSU
008 - FIXED-LENGTH DATA ELEMENTS--GENERAL INFORMATION
fixed length control field 181216s||||||||xx |||||||||||||| ||und||
020 ## - INTERNATIONAL STANDARD BOOK NUMBER
International Standard Book Number 97899410300792
040 ## - CATALOGING SOURCE
Transcribing agency GE_BSU
080 ## - UNIVERSAL DECIMAL CLASSIFICATION NUMBER
Universal Decimal Classification number 657(075.8)+65.6–051(0–75.8)
100 ## - MAIN ENTRY--PERSONAL NAME
Personal name სახოკია, გიორგი; ანანიძე, ჯემალ; ანანიძე, გიორგი; სახოკია, გ;
245 ## - TITLE STATEMENT
Title ბუღალტერული აღრიცხვა და აუდიტი.
245 ## - TITLE STATEMENT
Remainder of title დამხმარე სახემძღვანელო
260 ## - PUBLICATION, DISTRIBUTION, ETC.
Place of publication, distribution, etc. თბილისი
260 ## - PUBLICATION, DISTRIBUTION, ETC.
Name of publisher, distributor, etc. გეორგიკა
260 ## - PUBLICATION, DISTRIBUTION, ETC.
Date of publication, distribution, etc. 2010
300 ## - PHYSICAL DESCRIPTION
Extent 571 გვ.
653 ## - INDEX TERM--UNCONTROLLED
Uncontrolled term ბუღალტერული აღრიცხვა და აუდიტი.
942 ## - ADDED ENTRY ELEMENTS (KOHA)
Koha item type წიგნი
ეგზემპლარები
Withdrawn status Lost status Damaged status Not for loan Date acquired Barcode Date last seen Price effective from Koha item type
        2018-12-17 1808 2018-12-17 2018-12-17 წიგნი